Alfredo Gónzalez Flores, políticas de seguros y de banca 1910-1917 /

Sábháilte in:
Sonraí bibleagrafaíochta
Príomhchruthaitheoir: Villalobos Vega, Bernardo
Formáid: Anaithnid
Teanga:Spanish
Foilsithe / Cruthaithe: San José, Costa Rica : Editorial Costa Rica, 1981.
Ábhair:
Clibeanna: Cuir clib leis
Níl clibeanna ann, Bí ar an gcéad duine le clib a chur leis an taifead seo!

MARC

LEADER 000000000a22000000004500
001 001600
041 0 |a spa 
082 0 4 |a 92   |b G643v 
100 1 |a Villalobos Vega, Bernardo 
245 1 0 |a Alfredo Gónzalez Flores, políticas de seguros y de banca 1910-1917 /   |c Bernardo Villalobos Vega. 
260 1 |a San José, Costa Rica :   |b Editorial Costa Rica,   |c 1981. 
300 |a 350 páginas 
650 4 |a BIOGRAFIA 
650 4 |a GONZÁLEZ FLORES, ALFREDO, PRESIDENTE DE COSTA RICA, 1877-1962 
999 |c 8301  |d 8301 
942 |c BK  |h 92 G643v  |2 z